Entre Caminos. Tierra en la sangre.
שמור ב:
| מחבר ראשי: | |
|---|---|
| פורמט: | ספר |
| יצא לאור: |
Valparaíso, Chile:
Ediciones Universitarias de Valparaíso,
2023.
|
| נושאים: | |
| תגים: |
הוספת תג
אין תגיות, היה/י הראשונ/ה לתייג את הרשומה!
|
MARC
| LEADER | 00000nam a22000007a 4500 | ||
|---|---|---|---|
| 003 | CL-VaPUC | ||
| 005 | 20240415085550.0 | ||
| 008 | 240402t2023 ||||| |||| 00| 0 eng d | ||
| 999 | |c 443400 |d 443398 | ||
| 020 | |a 978-956-17-1085-6 | ||
| 040 | |c Pontificia Universidad Católica de Valparaíso | ||
| 082 | 0 | 4 | |2 22 |a Ch863 BID 2023 |
| 100 | 1 | |a Bidart Hernández, José Pascal |e autor |9 336540 | |
| 245 | 1 | 0 | |a Entre Caminos. |b Tierra en la sangre. |
| 260 | |a Valparaíso, Chile: |b Ediciones Universitarias de Valparaíso, |c 2023. | ||
| 300 | |a 195 páginas. | ||
| 500 | |a c.1 Donación Ediciones Universitarias. 21-3-2024 | ||
| 583 | |c 20240402 |k Catalogador Asistente | ||
| 650 | 1 | |a Novelas chilenas |9 265425 | |
| 942 | |2 ddc |c BK | ||
| 952 | |0 0 |1 0 |2 ddc |4 0 |6 CH_863_000000000000000_BID_2023 |7 0 |8 A |9 593935 |a BIBEDU |b BIBEDU |d 2024-04-02 |e Donación |i 5660574 |o Ch863 BID 2023 |p 5660574 |r 2024-04-02 |t 1 |w 2024-04-02 |y BK |k LIT | ||